000 00352nam a2200133Ia 4500
008 100328s9999 xx 000 0 und d
082 _b30615
100 _aवकील व्यं.शं.
245 _aतीन घटका
260 _bसंतोष
630 _aतीन घटका
730 _aतीन घटका
942 _cBOOK
999 _c521584
_d521581